Телевизионная система определения динамических тепловых полей в процессах самораспостраняющегося высокотемпературного синтеза; Измерительная техника; № 9

Sonraí bibleagrafaíochta
Parent link:Измерительная техника=Measurement Techniques: научно-технический журнал/ Российская Федерация, Федеральное агентство по техническому регулированию и метрологии (Ростехрегулирование) (Госстандарт России).— , 1940-1941, 1955-.— 0368-1025
№ 9.— 2002.— С. 41-45
Rannpháirtithe: Саламатов В. Г., Цыба Г. А., Кирдяшкин А. И., Максимов Ю. М.
Teanga:Rúisis
Foilsithe / Cruthaithe: 2002
Sraith:Теплофизические измерения
Ábhair:
Formáid: Caibidil leabhair
KOHA link:https://koha.lib.tpu.ru/cgi-bin/koha/opac-detail.pl?biblionumber=383927

MARC

LEADER 00000naa2a2200000 4500
001 383927
005 20231101063206.0
035 |a (RuTPU)RU\TPU\prd\10018 
090 |a 383927 
100 |a 20030124a2002 k y0rusy50 ca 
101 0 |a rus 
102 |a RU 
200 1 |a Телевизионная система определения динамических тепловых полей в процессах самораспостраняющегося высокотемпературного синтеза  |f В. Г. Саламатов, Г. А. Цыба, А. И. Кирдяшкин, Ю. М. Максимов 
225 1 |a Теплофизические измерения 
320 |a Библиогр.: 15 назв. 
461 1 |0 (RuTPU)RU\TPU\prd\1509  |x 0368-1025  |t Измерительная техника  |l Measurement Techniques  |o научно-технический журнал  |f Российская Федерация, Федеральное агентство по техническому регулированию и метрологии (Ростехрегулирование) (Госстандарт России)  |d 1940-1941, 1955- 
463 1 |0 (RuTPU)RU\TPU\prd\9174  |t № 9  |v С. 41-45  |d 2002 
610 1 |a самораспостраняющийся высокотемпературный синтез 
610 1 |a волна горения 
610 1 |a температура 
610 1 |a пирометрия 
610 1 |a видеокамера 
701 1 |a Саламатов  |b В. Г. 
701 1 |a Цыба  |b Г. А. 
701 1 |a Кирдяшкин  |b А. И. 
701 1 |a Максимов  |b Ю. М. 
801 1 |a RU  |b 63413507  |c 20030124  |g PSBO 
801 2 |a RU  |b 63413507  |c 20131017  |g PSBO 
942 |c BK